[Event "Agneaux St Lo op 10th"]
[Site "Agneaux"]
[Date "2006.02.24"]
[Round "5"]
[White "Murie, Eric"]
[Black "Aras, Anthony"]
[Result "1/2-1/2"]
[WhiteElo "2070"]
[BlackElo "1690"]
[PlyCount "75"]
[EventDate "2006.02.22"]
[EventType "swiss"]
[EventRounds "7"]
[EventCountry "FRA"]
[SourceTitle "CBM 110 Extra"]
[Source "ChessBase"]
[SourceDate "2006.03.10"]
[SourceVersion "2"]
[SourceVersionDate "2006.03.10"]
[SourceQuality "1"]

1. e4 c5 2. Nf3 d6 3. Bb5+ Bd7 4. Bxd7+ Nxd7 5. 0-0 g6 6. d4 cxd4 7. Qxd4 Ngf6 8. Qa4 Bg7 9. e5 dxe5 10. Nxe5 0-0 11. Nxd7 Qxd7 12. Qb3 Rac8 13. Be3 a6 14. Nd2 Ng4 15. Nf3 Nxe3 16. fxe3 Qc7 17. c3 Rfd8 18. Ng5 Qc4 19. Qxc4 Rxc4 20. Rad1 Rxd1 21. Rxd1 Bh6 22. Nf3 Bxe3+ 23. Kf1 Bc5 24. Rd3 Rf4 25. b4 Bd6 26. Ke2 Rf6 27. a4 Re6+ 28. Kf2 Kg7 29. g3 Rf6 30. Kg2 h6 31. Nd2 Re6 32. Nc4 f5 33. b5 axb5 34. axb5 Bc5 35. Na5 Re2+ 36. Kh1 Re1+ 37. Kg2 Re2+ 38. Kh1 1/2-1/2

[Event "FRA-chT U20a 0405"]
[Site "France"]
[Date "2005.05.15"]
[Round "10.4"]
[White "Paci, Romain"]
[Black "Aras, Anthony"]
[Result "1/2-1/2"]
[WhiteElo "1780"]
[BlackElo "1690"]
[PlyCount "91"]
[EventDate "2004.11.19"]
[EventType "team"]
[EventRounds "11"]
[EventCountry "FRA"]
[SourceTitle "EXT 2006"]
[Source "ChessBase"]
[SourceDate "2005.11.24"]
[SourceVersion "1"]
[SourceVersionDate "2005.11.24"]
[SourceQuality "1"]

1. e4 c5 2. Nc3 Nc6 3. g3 e6 4. Bg2 Nf6 5. d3 d5 6. f4 dxe4 7. dxe4 Qxd1+ 8. Kxd1 Ng4 9. Nh3 e5 10. Nd5 Bd6 11. Ne3 exf4 12. gxf4 Nxe3+ 13. Bxe3 Bg4+ 14. Kc1 f6 15. Nf2 Be6 16. c3 0-0-0 17. Kc2 g5 18. fxg5 fxg5 19. Bh3 Bxh3 20. Nxh3 h6 21. Bf2 Rde8 22. Rae1 Rhf8 23. Bg3 Bxg3 24. hxg3 Rf3 25. Rhg1 Ne5 26. Rgf1 Ref8 27. Rxf3 Nxf3 28. Rd1 Rd8 29. Rxd8+ Kxd8 30. Kd3 Ne5+ 31. Ke2 Ke7 32. b3 a5 33. Nf2 b6 34. Ke3 Ke6 35. c4 Kf6 36. Nd1 Ke6 37. Nc3 Nd7 38. Nd5 Kd6 39. Kf3 Ne5+ 40. Ke2 Nd7 41. Ne3 Nf6 42. Kd3 Ke5 43. a3 Nxe4 44. Ng4+ Kf5 45. Nxh6+ Ke5 46. Ng4+ 1/2-1/2

[Event "Agneaux St Lo op 09th"]
[Site "Agneaux"]
[Date "2005.02.18"]
[Round "4"]
[White "Aras, Anthony"]
[Black "Langlois, Xavier"]
[Result "1/2-1/2"]
[WhiteElo "1660"]
[BlackElo "1650"]
[PlyCount "103"]
[EventDate "2005.02.16"]
[EventType "swiss"]
[EventRounds "6"]
[EventCountry "FRA"]
[SourceTitle "EXT 2006"]
[Source "ChessBase"]
[SourceDate "2005.11.24"]
[SourceVersion "1"]
[SourceVersionDate "2005.11.24"]
[SourceQuality "1"]

1. e4 c5 2. c3 Nf6 3. e5 Nd5 4. d4 cxd4 5. cxd4 d6 6. Bc4 Nb6 7. Bb5+ Bd7 8. Bxd7+ Qxd7 9. Nc3 dxe5 10. dxe5 Qxd1+ 11. Nxd1 Nc6 12. Nf3 0-0-0 13. 0-0 e6 14. Bg5 Rd7 15. Nc3 h6 16. Be3 Nd5 17. Nxd5 Rxd5 18. Rac1 Kb8 19. Rfd1 Rxd1+ 20. Rxd1 Be7 21. Nd4 Nxd4 22. Rxd4 Rd8 23. Rxd8+ Bxd8 24. Bc5 g5 25. g4 Bc7 26. Bd4 Kc8 27. Kg2 Kd7 28. Kf3 Kc6 29. Ke4 Bb6 30. Bxb6 Kxb6 31. f4 Kc5 32. h3 b5 33. f5 Kc4 34. b3+ Kb4 35. Kd4 a5 36. f6 a4 37. bxa4 bxa4 38. a3+ Kxa3 39. Kc3 Ka2 40. Kc4 a3 41. Kc5 Kb3 42. Kd6 a2 43. Ke7 a1Q 44. Kxf7 Qxe5 45. Ke7 Qc7+ 46. Kxe6 Qd8 47. Kf7 Kc4 48. Kg7 Kd5 49. f7 Qe7 50. Kg8 Qe6 51. Kg7 Qe5+ 52. Kg8 1/2-1/2

[Event "Agneaux St Lo op 09th"]
[Site "Agneaux"]
[Date "2005.02.17"]
[Round "2"]
[White "Aras, Anthony"]
[Black "Rosi, Andrea"]
[Result "1-0"]
[WhiteElo "1660"]
[BlackElo "1580"]
[PlyCount "33"]
[EventDate "2005.02.16"]
[EventType "swiss"]
[EventRounds "6"]
[EventCountry "FRA"]
[SourceTitle "EXT 2006"]
[Source "ChessBase"]
[SourceDate "2005.11.24"]
[SourceVersion "1"]
[SourceVersionDate "2005.11.24"]
[SourceQuality "1"]

1. e4 d5 2. exd5 Nf6 3. Nf3 Nxd5 4. Bc4 Nc6 5. Nc3 e6 6. d3 Bb4 7. Bd2 Bxc3 8. bxc3 Qf6 9. Bxd5 exd5 10. 0-0 0-0 11. h3 Ne5 12. Nd4 Qg6 13. Kh1 Bd7 14. Bf4 Rae8 15. Qd2 c5 16. Ne2 Bc6 17. f3 1-0

[Event "Agneaux St Lo op-B 08th"]
[Site "Agneaux"]
[Date "2004.02.17"]
[Round "6"]
[White "Dionisi, Thomas"]
[Black "Aras, Anthony"]
[Result "0-1"]
[WhiteElo "1670"]
[BlackElo "1610"]
[PlyCount "120"]
[EventDate "2004.02.14"]
[EventType "swiss"]
[EventRounds "7"]
[EventCountry "FRA"]
[SourceTitle "EXT 2005"]
[Source "ChessBase"]
[SourceDate "2004.11.15"]
[SourceVersion "1"]
[SourceVersionDate "2004.11.15"]
[SourceQuality "1"]

1. e4 d5 2. exd5 Qxd5 3. Nc3 Qa5 4. Bc4 Nf6 5. Nf3 Bg4 6. 0-0 e6 7. h3 Bh5 8. Re1 Nbd7 9. Ne4 0-0-0 10. Ng3 Bg6 11. c3 Bd6 12. b4 Qb6 13. d4 c6 14. Be3 Qc7 15. Qc1 Nb6 16. Bf1 Nbd5 17. Ne2 h5 18. a4 Be4 19. Nd2 Nxe3 20. fxe3 g5 21. b5 g4 22. h4 g3 23. c4 Qe7 24. Nc3 Bh7 25. Nf3 Ne4 26. Bd3 Nf2 27. Bxh7 Rxh7 28. bxc6 Nd3 29. cxb7+ Qxb7 30. Qb1 Nxe1 31. Qxb7+ Kxb7 32. Rxe1 Ka8 33. c5 Bf8 34. Rb1 Rb8 35. Nb5 f6 36. c6 Bd6 37. c7 Bxc7 38. Kf1 a6 39. Nxc7+ Rxc7 40. Rxb8+ Kxb8 41. Ke2 Rc2+ 42. Nd2 Ra2 43. Kd3 Rxa4 44. Ne4 Ra3+ 45. Ke2 a5 46. Nxg3 a4 47. Ne4 Rb3 48. Nc5 Rb2+ 49. Kd3 a3 50. Kc3 Rxg2 51. Nb3 a2 52. e4 Rh2 53. Na1 Rxh4 54. e5 f5 55. Kd3 Rh1 56. Nc2 a1Q 57. Nxa1 Rxa1 58. Kd2 h4 59. d5 exd5 60. e6 Kc7 0-1

[Event "FRA-chT U20 0304"]
[Site "France"]
[Date "2003.11.23"]
[Round "3"]
[White "Bui Quang, Jean"]
[Black "Aras, Anthony"]
[Result "0-1"]
[WhiteElo "1350"]
[BlackElo "1480"]
[PlyCount "110"]
[EventDate "2003.11.??"]
[EventType "team"]
[EventRounds "11"]
[EventCountry "FRA"]
[SourceTitle "EXT 2005"]
[Source "ChessBase"]
[SourceDate "2004.11.15"]
[SourceVersion "1"]
[SourceVersionDate "2004.11.15"]
[SourceQuality "1"]
[WhiteTeam "Niort"]
[BlackTeam "Agneaux Saint Lo"]
[WhiteTeamCountry "FRA"]
[BlackTeamCountry "FRA"]

1. e4 d5 2. exd5 Qxd5 3. Nc3 Qa5 4. Nf3 Nf6 5. Bc4 Bg4 6. h3 Bh5 7. d3 Nbd7 8. 0-0 0-0-0 9. Bf4 Qf5 10. Bh2 g5 11. Nd4 Qg6 12. Qd2 e5 13. g4 exd4 14. gxh5 dxc3 15. Qxc3 Qf5 16. Bxf7 Qc5 17. Rab1 Qxc3 18. bxc3 Bg7 19. c4 Rhf8 20. Be6 Rde8 21. Bg4 Nxg4 22. hxg4 Be5 23. Rb5 Bxh2+ 24. Kxh2 h6 25. Kg2 Re2 26. Rb2 Ne5 27. Rbb1 Rxc2 28. Rbe1 Nxd3 29. Rd1 Nxf2 30. Kg1 Nh3+ 31. Kh1 Rxf1+ 32. Rxf1 Nf2+ 33. Kg1 Nxg4 34. Rf8+ Kd7 35. Rf7+ Kd6 36. c5+ Kxc5 37. Rxc7+ Kb4 38. Rxc2 b5 39. Rc7 a5 40. Kf1 Ka4 41. Ke2 b4 42. Rc4 Ne5 43. Re4 Nc6 44. Re6 Nd4+ 45. Kd2 Nxe6 46. Kc2 Nf4 47. a3 Kxa3 48. Kb1 g4 49. Kc2 g3 50. Kc1 g2 51. Kd2 b3 52. Kc1 g1Q+ 53. Kd2 Qd4+ 54. Kc1 Ne2+ 55. Kb1 Qb2# 0-1

[Event "FRA-chT U20 0203"]
[Site "Clichy"]
[Date "2003.05.04"]
[Round "11.6"]
[White "Aras, Anthony"]
[Black "Bomba, Melody"]
[Result "1-0"]
[WhiteElo "1400"]
[BlackElo "1400"]
[PlyCount "43"]
[EventDate "2002.12.??"]
[EventType "team"]
[EventRounds "11"]
[EventCountry "FRA"]
[SourceTitle "EXT 2004"]
[Source "ChessBase"]
[SourceDate "2003.11.25"]
[SourceVersion "1"]
[SourceVersionDate "2003.11.25"]
[SourceQuality "1"]
[WhiteTeam "Agneaux Saint Lo"]
[BlackTeam "Avignon"]
[WhiteTeamCountry "FRA"]
[BlackTeamCountry "FRA"]

1. e4 e5 2. Nf3 Nc6 3. Bb5 d6 4. d4 Bd7 5. 0-0 Nf6 6. Nc3 a6 7. Bxc6 bxc6 8. dxe5 dxe5 9. Nxe5 Be7 10. Nxd7 Nxd7 11. Be3 0-0 12. Qg4 Nf6 13. Qg3 Qc8 14. Rad1 Re8 15. Bg5 h6 16. Bxh6 Nh5 17. Qf3 gxh6 18. Qxh5 Kh7 19. Qxf7+ Kh8 20. Rd3 Bd6 21. Rh3 Rf8 22. Rxh6# 1-0

[Event "FRA-chT U20 0203"]
[Site "Clichy"]
[Date "2003.01.04"]
[Round "5.5"]
[White "Aras, Anthony"]
[Black "Blum, Nicolas"]
[Result "0-1"]
[WhiteElo "1410"]
[BlackElo "1850"]
[PlyCount "64"]
[EventDate "2002.12.??"]
[EventType "team"]
[EventRounds "11"]
[EventCountry "FRA"]
[SourceTitle "EXT 2004"]
[Source "ChessBase"]
[SourceDate "2003.11.25"]
[SourceVersion "1"]
[SourceVersionDate "2003.11.25"]
[SourceQuality "1"]
[WhiteTeam "Agneaux Saint Lo"]
[BlackTeam "Mulhouse"]
[WhiteTeamCountry "FRA"]
[BlackTeamCountry "FRA"]

1. e4 c6 2. d4 d5 3. e5 Bf5 4. Nc3 e6 5. Nf3 a6 6. Bd3 Ne7 7. Bg5 Bxd3 8. Qxd3 Qb6 9. Na4 Qb4+ 10. Nc3 c5 11. dxc5 Qxc5 12. 0-0 Ng6 13. Na4 Qc7 14. Rac1 b5 15. Qc3 Qxc3 16. Nxc3 Bc5 17. Nh4 Nxe5 18. Bf4 Ng6 19. Bg3 Nxh4 20. Bxh4 0-0 21. Ne2 Nc6 22. b3 Ba3 23. Rcd1 Rfc8 24. c3 Be7 25. Bxe7 Nxe7 26. Rc1 Nf5 27. Nd4 Nxd4 28. cxd4 Kf8 29. b4 Rc4 30. Rxc4 dxc4 31. Rc1 Rd8 32. Kf1 Rxd4 0-1

[Event "FRA-chT U20 0203"]
[Site "Clichy"]
[Date "2003.01.03"]
[Round "4.5"]
[White "Feller, Sebastien"]
[Black "Aras, Anthony"]
[Result "1-0"]
[WhiteElo "2070"]
[BlackElo "1420"]
[PlyCount "56"]
[EventDate "2002.12.??"]
[EventType "team"]
[EventRounds "11"]
[EventCountry "FRA"]
[SourceTitle "EXT 2004"]
[Source "ChessBase"]
[SourceDate "2003.11.25"]
[SourceVersion "1"]
[SourceVersionDate "2003.11.25"]
[SourceQuality "1"]
[WhiteTeam "Vandoeuvre"]
[BlackTeam "Agneaux Saint Lo"]
[WhiteTeamCountry "FRA"]
[BlackTeamCountry "FRA"]

1. Nf3 d5 2. d4 Nf6 3. e3 e6 4. Bd3 Bd6 5. 0-0 0-0 6. Nbd2 Nbd7 7. e4 dxe4 8. Nxe4 Nxe4 9. Bxe4 Nf6 10. Bd3 Bd7 11. Bg5 h6 12. Bh4 c5 13. Ne5 Bc8 14. Ng4 Be7 15. dxc5 Nxg4 16. Bxe7 Qxe7 17. Qxg4 Qxc5 18. Rfd1 b6 19. Qe4 Re8 20. Qxa8 Bd7 21. Qe4 Bc6 22. Qc4 Qxc4 23. Bxc4 Rc8 24. Bb3 Bb7 25. Rd7 Rb8 26. Rad1 Bc6 27. Rd8+ Rxd8 28. Rxd8+ Kh7 1-0

[Event "FRA-chT U20 0203"]
[Site "Clichy"]
[Date "2002.12.01"]
[Round "2.6"]
[White "Aras, Anthony"]
[Black "Margenstern, Rodolphe"]
[Result "1/2-1/2"]
[WhiteElo "1420"]
[BlackElo "1540"]
[PlyCount "76"]
[EventDate "2002.12.??"]
[EventType "team"]
[EventRounds "11"]
[EventCountry "FRA"]
[SourceTitle "EXT 2004"]
[Source "ChessBase"]
[SourceDate "2003.11.25"]
[SourceVersion "1"]
[SourceVersionDate "2003.11.25"]
[SourceQuality "1"]
[WhiteTeam "Agneaux Saint Lo"]
[BlackTeam "Creteil"]
[WhiteTeamCountry "FRA"]
[BlackTeamCountry "FRA"]

1. e4 c5 2. Nf3 Nc6 3. d4 cxd4 4. Nxd4 g6 5. Nc3 Bg7 6. Be3 Nf6 7. f3 0-0 8. Qd2 d5 9. 0-0-0 Nxd4 10. Bxd4 dxe4 11. fxe4 Be6 12. Qe3 Ng4 13. Qd3 Qxd4 14. Qxd4 Bxd4 15. Rxd4 Rfd8 16. Rxd8+ Rxd8 17. Be2 Ne3 18. g3 Kg7 19. Re1 Nc4 20. Nb5 Nd6 21. Nxd6 Rxd6 22. b3 Rc6 23. Rd1 a5 24. c4 a4 25. Rd8 axb3 26. axb3 b5 27. Rd4 Kf6 28. Kd2 bxc4 29. bxc4 Ke5 30. Ke3 Rd6 31. Rxd6 exd6 32. Bd3 f6 33. h4 h5 34. Be2 f5 35. exf5 Bxf5 36. Bd3 Ke6 37. Bxf5+ Kxf5 38. Kf3 Ke5 1/2-1/2